Music Quiz

Random Music or Lyrics Quiz

Opening Lyrics: Abbey Road Quiz Stats

Quiz Updated Mar 6, 2016

Challenge
Share
Tweet
Embed
Score 0/17 Timer 04:00
0 Plays Today
% Correct
Octopus's Garden
97.3%
Something
96.1%
Carry That Weight
92.3%
Come Together
91.8%
Oh! Darling
88.4%
Polythene Pam
87.4%
Here Comes the Sun
86.6%
I Want You (She's So Heavy)
86.4%
Her Majesty
84.4%
% Correct
Mean Mr. Mustard
81%
Because
80.6%
Sun King
76%
Maxwell's Silver Hammer
73.4%
You Never Give Me Your Money
72.4%
She Came In Through the Bathroom Window
58.4%
Golden Slumbers
56.2%
The End
51.6%

You're not logged in!

Compare scores with friends on all Sporcle quizzes.
Sign Up with Email
OR
Log In

You Might Also Like...

Show Comments

Extras

Top Quizzes Today


Score Distribution

Your Account Isn't Verified!

In order to create a playlist on Sporcle, you need to verify the email address you used during registration. Go to your Sporcle Settings to finish the process.